| 000 | 00545nam a22001697a 4500 | ||
|---|---|---|---|
| 999 |
_c19672 _d19672 |
||
| 005 | 20180315110558.0 | ||
| 008 | 170616b2015 gy ||||| |||| 00| 0 spa d | ||
| 040 |
_aCO-BoIAVH _cCO-BoIAVH |
||
| 041 | _aspa | ||
| 090 |
_aFG- _b0241 |
||
| 100 | 1 |
_aStier, Anna _eautora |
|
| 245 | 1 | 0 | _aPlan de conservación de la Garza Agami (Agamia agami) |
| 260 |
_aCayenne, Guyana Francesa: _bAsociación GEPOG, _c2015. |
||
| 300 |
_a27 páginas, _bilustraciones a color, _c30 x 21 cm |
||
| 700 | 1 |
_aKushlan, James A. _eautor |
|
| 942 |
_2z _cFolleto |
||